000 00460nam a2200193Ia 4500
005 20240823035146.0
008 240823s9999||||xx |||||||||||||| ||und||
020 _a978-0446-61935-96
041 _aENGLISH
082 _A306.7 P5
100 _aPenthouse Mahazine
245 0 _aLetters to Penthouse XXIII True Confessions
250 _a1st
260 _c2005
_bHhachette
500 _aYES
650 _aNovel
_bEnglish
942 _cBK
999 _c200014
_d200014